[Event "CAN-op U2400"]
[Site "Montreal CAN"]
[Date "2014.07.23"]
[Round "6"]
[White "Bates, Darren"]
[Black "Chan, James"]
[Result "0-1"]
[WhiteElo "1754"]
[BlackElo "2023"]
[PlyCount "56"]
[EventDate "2014.07.19"]
[EventType "swiss"]
[EventRounds "9"]
[EventCountry "CAN"]

1. e4 c5 2. Nf3 d6 3. d4 cxd4 4. Nxd4 Nf6 5. Nc3 a6 6. f3 e6 7. Bg5 b5 8. Qd2
Nbd7 9. Be2 Bb7 10. O-O Be7 11. Kh1 O-O 12. Bd3 b4 13. Bxf6 Bxf6 14. Nce2 Qb6
15. c3 d5 16. exd5 Bxd5 17. cxb4 Ne5 18. Rfd1 Nxd3 19. Qxd3 Qxb4 20. Qc3 Qb6
21. Nf4 Rfd8 22. b3 Bb7 23. Nfe2 e5 24. Nf5 e4 25. Ned4 exf3 26. gxf3 Rd5 27.
Rd2 Rxf5 28. Qe3 Rxf3 0-1

[Event "CAN-op U2400"]
[Site "Montreal CAN"]
[Date "2014.07.23"]
[Round "6"]
[White "Beaulieu, Pierre"]
[Black "Allard, Laurent"]
[Result "0-1"]
[WhiteElo "1858"]
[BlackElo "1945"]
[PlyCount "66"]
[EventDate "2014.07.19"]
[EventType "swiss"]
[EventRounds "9"]
[EventCountry "CAN"]

1. f4 Nf6 2. Nf3 g6 3. b3 Bg7 4. Bb2 d6 5. e3 O-O 6. c4 c5 7. Be2 Nbd7 8. Qc2
b6 9. O-O Bb7 10. Nc3 a6 11. Ng5 e6 12. Bf3 Bxf3 13. Rxf3 h6 14. Nh3 d5 15. Ne2
Nb8 16. Rd1 Nc6 17. d3 Ng4 18. Bxg7 Kxg7 19. d4 cxd4 20. exd4 Nf6 21. Nf2 Rc8
22. Qb2 Na5 23. c5 Nc6 24. cxb6 Qxb6 25. Nd3 Ne4 26. Nc5 Rfe8 27. Nxe4 dxe4 28.
Rh3 Nb4 29. Kf1 Rc2 30. Qb1 Qb5 31. Re3 f5 32. a3 Nd5 33. Kf2 Nxe3 0-1

[Event "CAN-op U2400"]
[Site "Montreal CAN"]
[Date "2014.07.23"]
[Round "6"]
[White "Bleau, John"]
[Black "Boudreau, Daniel"]
[Result "0-1"]
[WhiteElo "1917"]
[BlackElo "2066"]
[PlyCount "60"]
[EventDate "2014.07.19"]
[EventType "swiss"]
[EventRounds "9"]
[EventCountry "CAN"]

1. d4 Nf6 2. c4 e6 3. Nf3 Bb4+ 4. Bd2 Qe7 5. Nc3 O-O 6. g3 b6 7. Bg2 Bb7 8. O-O
d5 9. Ne5 c5 10. cxd5 exd5 11. Nd3 Bxc3 12. Bxc3 Ne4 13. Be1 Nd7 14. f3 Nd6 15.
b3 Nf5 16. Bf2 Ne3 17. Bxe3 Qxe3+ 18. Nf2 cxd4 19. Bh3 Ne5 20. Kg2 Ba6 21. Re1
f5 22. Rc1 g6 23. Nd3 Rac8 24. Nf4 Bb7 25. Rxc8 Rxc8 26. Ne6 Nc6 27. Nf4 Nb4
28. Nd3 Nc2 29. Rf1 Qh6 30. Kh1 Ne3 0-1

[Event "CAN-op U2400"]
[Site "Montreal CAN"]
[Date "2014.07.23"]
[Round "6"]
[White "Burrows, Zachary"]
[Black "Turcotte, Jonathan"]
[Result "1/2-1/2"]
[WhiteElo "2138"]
[BlackElo "1971"]
[PlyCount "126"]
[EventDate "2014.07.19"]
[EventType "swiss"]
[EventRounds "9"]
[EventCountry "CAN"]

1. Nf3 d5 2. g3 Bg4 3. Bg2 e6 4. O-O Nf6 5. d3 Be7 6. Ne5 Bh5 7. c4 c6 8. Re1
O-O 9. Bf4 Nbd7 10. Nf3 Qb6 11. Qb3 Qxb3 12. axb3 Rfe8 13. Ne5 Bb4 14. Nc3 d4
15. Nxd7 Nxd7 16. Ne4 Bxe1 17. Rxe1 e5 18. Bd2 Red8 19. b4 Rab8 20. Kf1 Bg6 21.
Nd6 Nf6 22. c5 Ne8 23. Nc4 f6 24. Ra1 a6 25. f4 Bf7 26. Nb6 Nc7 27. fxe5 fxe5
28. Bg5 Re8 29. Nd7 Ra8 30. Nb6 Ra7 31. Bd2 h6 32. Kg1 Bd5 33. Bh3 Be6 34. Bg2
Na8 35. b5 cxb5 36. Nxa8 Raxa8 37. Bxb7 Rab8 38. Bc6 Rec8 39. Rxa6 Bg4 40. e3
Be2 41. exd4 exd4 42. Bf4 Bxd3 43. Bd5+ Kf8 44. Re6 Rd8 45. Bd6+ Rxd6 46. Rxd6
Ke7 47. Re6+ Kd7 48. Ra6 Ke7 49. Ra7+ Kf6 50. c6 Ke5 51. Bg2 g6 52. Re7+ Kd6
53. Rd7+ Kc5 54. c7 Re8 55. Rd5+ Kc4 56. b3+ Kxb3 57. Rxd4 Bf5 58. g4 Bxg4 59.
Rxg4 Rc8 60. Bd5+ Kc3 61. Rxg6 Rxc7 62. Rc6+ Rxc6 63. Bxc6 Kd4 1/2-1/2

[Event "CAN-op U2400"]
[Site "Montreal CAN"]
[Date "2014.07.23"]
[Round "6"]
[White "Caceres Cortes, Julio"]
[Black "Gardner, Robert"]
[Result "0-1"]
[WhiteElo "2044"]
[BlackElo "2164"]
[PlyCount "86"]
[EventDate "2014.07.19"]
[EventType "swiss"]
[EventRounds "9"]
[EventCountry "CAN"]

1. e4 d6 2. d4 Nf6 3. Nc3 g6 4. f4 Bg7 5. Nf3 c5 6. Bb5+ Bd7 7. e5 Ng4 8. Ng5
Bxb5 9. Qxg4 Bd7 10. e6 Bxe6 11. Nxe6 fxe6 12. dxc5 Bxc3+ 13. bxc3 Qa5 14. Bb2
Qxc5 15. Qxe6 Rf8 16. O-O-O Qf5 17. Rhe1 Qxe6 18. Rxe6 Rxf4 19. Rde1 Nc6 20.
Rxd6 Rd8 21. Rxd8+ Kxd8 22. Rd1+ Ke8 23. Rd5 Rf1+ 24. Rd1 Rxd1+ 25. Kxd1 Ne5
26. Bc1 Kd7 27. Be3 a6 28. Bd4 Kd6 29. Ke2 Kd5 30. h3 Nc4 31. Kf3 Na3 32. Bg7
Nxc2 33. Bf8 Ke6 34. Ke4 Na3 35. Bh6 Nb5 36. Bd2 Nd6+ 37. Kf4 Kd5 38. g4 Nf7
39. h4 e5+ 40. Ke3 Nd6 41. Kf3 Ne4 42. c4+ Kd4 43. Bh6 Nd6 0-1

[Event "CAN-op U2400"]
[Site "Montreal CAN"]
[Date "2014.07.23"]
[Round "6"]
[White "Chabot, Roland"]
[Black "Libersan, Thierry"]
[Result "0-1"]
[WhiteElo "2198"]
[BlackElo "2090"]
[PlyCount "144"]
[EventDate "2014.07.19"]
[EventType "swiss"]
[EventRounds "9"]
[EventCountry "CAN"]

1. d4 Nf6 2. c4 g6 3. Nc3 Bg7 4. e4 d6 5. Be2 O-O 6. Bg5 Nbd7 7. Qd2 Re8 8. Nf3
e5 9. d5 Nc5 10. Qc2 a5 11. Nd2 h6 12. Be3 Ng4 13. Bxg4 Bxg4 14. f3 Bd7 15. h4
Qb8 16. h5 g5 17. g4 b5 18. Bxc5 dxc5 19. cxb5 Bxb5 20. Nxb5 Qxb5 21. a4 Qa6
22. Nc4 Rab8 23. Ra3 Rb4 24. Rc3 Reb8 25. Kf2 Qf6 26. Kg2 Bf8 27. Ra1 Qa6 28.
Rc1 Bd6 29. b3 Kf8 30. Rd1 Ke7 31. Rdd3 Kf8 32. Rd2 Kg8 33. Rdd3 Kh7 34. Nd2
Kg7 35. Rc4 R4b6 36. Rcc3 Rb4 37. Nc4 Kg8 38. Kh3 f6 39. Ne3 Kh7 40. Kg3 Qa7
41. Rc4 R4b6 42. Kg2 Qb7 43. Rcc3 Rb4 44. Nc4 Qa6 45. Kf2 Qa7 46. Ke2 Kh8 47.
Kd1 Kg8 48. Kc1 Kh8 49. Qa2 Qa6 50. Qc2 Qa7 51. Kd1 Kg7 52. Ke1 Kh8 53. Rd1 Kg8
54. Rb1 Kh8 55. Rb2 Kg8 56. Kd1 Kh8 57. Kc1 Qa6 58. Kb1 Kg8 59. Ka2 Kh8 60. Rb1
Kg8 61. Rc1 Kh8 62. Nb2 Qb7 63. Nd3 Rd4 64. Nxc5 Qb4 65. Na6 Qa3+ 66. Kb1 Rb6
67. Qe2 Rxb3+ 68. Rxb3 Qxb3+ 69. Qb2 Qd3+ 70. Rc2 Qf1+ 71. Rc1 Qd3+ 72. Rc2 Rc4
0-1

[Event "CAN-op U2400"]
[Site "Montreal CAN"]
[Date "2014.07.23"]
[Round "6"]
[White "Cloutier, Mathieu"]
[Black "Caluza, Severo"]
[Result "1-0"]
[WhiteElo "2040"]
[BlackElo "1725"]
[PlyCount "127"]
[EventDate "2014.07.19"]
[EventType "swiss"]
[EventRounds "9"]
[EventCountry "CAN"]

1. e4 e6 2. d4 d5 3. Nc3 Nf6 4. Bg5 dxe4 5. Nxe4 Be7 6. Bxf6 Bxf6 7. Nf3 Be7 8.
Bd3 Nd7 9. Qe2 Nf6 10. O-O-O c6 11. c3 Nd5 12. g3 a5 13. Ne5 g6 14. c4 Nb4 15.
Bb1 f6 16. Nf3 Qc7 17. Nc3 Bd7 18. a3 Na6 19. c5 b5 20. Ne4 Qb8 21. d5 cxd5 22.
Rxd5 Qc7 23. Rxd7 Qxd7 24. Rd1 Qc8 25. Qxb5+ Kf7 26. Rd7 Kf8 27. Rxe7 Kxe7 28.
Nd4 Nc7 29. Nc6+ Kf8 30. Qd3 Ne8 31. Nd4 f5 32. Nc3 e5 33. Nf3 Qxc5 34. Ng5 Ke7
35. Kd1 Rd8 36. Qxd8+ Kxd8 37. Ne6+ Ke7 38. Nxc5 Nc7 39. Ba2 Rb8 40. Kc2 Nb5
41. Nxb5 Rxb5 42. Nb3 g5 43. f3 h5 44. Nd2 h4 45. g4 Kf6 46. Bc4 Rb8 47. Kc3
Rb7 48. b4 axb4+ 49. axb4 Rd7 50. Be2 Rc7+ 51. Nc4 Ra7 52. b5 fxg4 53. fxg4 Rb7
54. b6 Ke6 55. Bf3 Rf7 56. Be4 Rf8 57. Bc6 Rb8 58. Kd3 Ke7 59. Ke4 Rc8 60. b7
Rb8 61. Kxe5 Rf8 62. Nd6 Rb8 63. Nf5+ Kd8 64. Kd6 1-0

[Event "CAN-op U2400"]
[Site "Montreal CAN"]
[Date "2014.07.23"]
[Round "6"]
[White "Cohen, Lawrence"]
[Black "Abreu Cordero, Jose"]
[Result "0-1"]
[WhiteElo "1922"]
[BlackElo "2069"]
[PlyCount "166"]
[EventDate "2014.07.19"]
[EventType "swiss"]
[EventRounds "9"]
[EventCountry "CAN"]

1. c4 e5 2. g3 Nf6 3. Bg2 Bc5 4. e3 Nc6 5. Ne2 d5 6. cxd5 Nxd5 7. a3 a5 8. O-O
Be6 9. d4 exd4 10. exd4 Bb6 11. Nbc3 O-O 12. Na4 Re8 13. Re1 Qf6 14. Nxb6 cxb6
15. Nc3 Red8 16. Be3 Rac8 17. Qd2 h6 18. Rac1 Rd7 19. h3 Qd8 20. Nb5 Nf6 21.
Red1 Bb3 22. Re1 Bd5 23. Qe2 Bxg2 24. Kxg2 Rd5 25. a4 Qd7 26. Red1 Qe7 27. Nc3
Rd6 28. d5 Nb4 29. Nb5 Rxc1 30. Rxc1 Rxd5 31. Qf3 Qd8 32. Nc7 Rd6 33. Qxb7 Qe7
34. Bf4 Rc6 35. Rxc6 Qe4+ 36. Kg1 Qxc6 37. Qxc6 Nxc6 38. Be3 Nd7 39. Nd5 Kf8
40. Nxb6 Nxb6 41. Bxb6 Ke7 42. Bc5+ Ke8 43. Kf1 h5 44. Ke2 Kd7 45. f4 Ke6 46.
b3 Kd5 47. Bb6 Ke4 48. Be3 g6 49. Bb6 f6 50. Be3 f5 51. Bb6 h4 52. gxh4 Kxf4
53. Bc7+ Ke4 54. Kd2 f4 55. Kc3 f3 56. Kd2 Nd4 57. Ke1 Nxb3 58. Kf2 Nc5 59. Bb6
Nxa4 60. Bxa5 Nc5 61. Bb6 Nd3+ 62. Kf1 Nf4 63. Kf2 Nxh3+ 64. Kg3 Nf4 65. Kf2
Ng2 66. Kg3 Ne3 67. Bc5 Nf5+ 68. Kg4 Ng7 69. Bb6 Ne6 70. Ba7 Ng7 71. Kg3 Nf5+
72. Kg4 Ne3+ 73. Kg3 Nc4 74. Bc5 Ne5 75. Bg1 Nc4 76. Bc5 Nd2 77. Kf2 Nb3 78.
Be3 Na1 79. Bh6 Nc2 80. Bc1 Nb4 81. Bh6 Nd3+ 82. Kg3 Ne5 83. Bf4 f2 0-1

[Event "CAN-op U2400"]
[Site "Montreal CAN"]
[Date "2014.07.23"]
[Round "6"]
[White "Currie, James"]
[Black "De Barberis, Massimo"]
[Result "1-0"]
[WhiteElo "1987"]
[BlackElo "2070"]
[PlyCount "71"]
[EventDate "2014.07.19"]
[EventType "swiss"]
[EventRounds "9"]
[EventCountry "CAN"]

1. Nf3 Nf6 2. g3 b5 3. Ng1 Bb7 4. f3 e5 5. e4 a6 6. d3 d5 7. Nd2 Nbd7 8. Bg2
Nc5 9. Nh3 Ne6 10. O-O Bd6 11. Nf2 O-O 12. c3 c5 13. a4 Qb6 14. Kh1 Rac8 15.
Nh3 c4 16. exd5 Nxd5 17. Ne4 Bb8 18. b3 Rfd8 19. a5 Qc7 20. bxc4 bxc4 21. d4
exd4 22. cxd4 Ba7 23. f4 Bxd4 24. Rb1 Ba7 25. Qh5 Bc6 26. Re1 Nf6 27. Qf5 Nxe4
28. Bxe4 Bxe4+ 29. Qxe4 Rd4 30. Qb7 Qxa5 31. Qxc8+ Nf8 32. Be3 Qd5+ 33. Kg1 Rd2
34. Nf2 Bxe3 35. Rxe3 Qd4 36. Rb8 1-0

[Event "CAN-op U2400"]
[Site "Montreal CAN"]
[Date "2014.07.23"]
[Round "6"]
[White "Destree, Frederic"]
[Black "Noritsyn, Sergey"]
[Result "0-1"]
[WhiteElo "1944"]
[BlackElo "1821"]
[PlyCount "76"]
[EventDate "2014.07.19"]
[EventType "swiss"]
[EventRounds "9"]
[EventCountry "CAN"]

1. Nf3 d5 2. g3 c5 3. Bg2 Nf6 4. O-O e6 5. d3 Nc6 6. Nbd2 Be7 7. Re1 O-O 8. e4
dxe4 9. dxe4 Qc7 10. e5 Nd5 11. Nf1 Rd8 12. Qe2 b6 13. a3 Bf8 14. Bg5 Nde7 15.
h4 Bb7 16. N3h2 h6 17. Bf4 Nf5 18. c3 a5 19. Rad1 Be7 20. Ng4 a4 21. Nge3 Ba6
22. Qc2 Nxe3 23. Bxe3 b5 24. Nd2 Bb7 25. f4 Qa5 26. Ne4 b4 27. Nd6 Bxd6 28.
exd6 Rac8 29. Re2 bxa3 30. bxa3 Ba6 31. Red2 Bc4 32. Rb1 Bb3 33. Qc1 Rd7 34. c4
Nd4 35. Bxd4 cxd4 36. Rxd4 Qc5 37. Qe3 Rxd6 38. Rd3 Rxd3 0-1

[Event "CAN-op U2400"]
[Site "Montreal CAN"]
[Date "2014.07.23"]
[Round "6"]
[White "Doknjas, John"]
[Black "Trahan, Daniel"]
[Result "1-0"]
[WhiteElo "1993"]
[BlackElo "2078"]
[PlyCount "77"]
[EventDate "2014.07.19"]
[EventType "swiss"]
[EventRounds "9"]
[EventCountry "CAN"]

1. d4 Nf6 2. c4 e6 3. Nc3 Bb4 4. e3 O-O 5. Nge2 Re8 6. a3 Bf8 7. d5 exd5 8.
cxd5 d6 9. g3 c6 10. Bg2 c5 11. O-O Nbd7 12. b4 g6 13. Rb1 a6 14. h3 Bg7 15. e4
cxb4 16. axb4 Ne5 17. Be3 Bd7 18. Bd4 Qc8 19. f4 Nc4 20. g4 b5 21. Re1 Qd8 22.
Ng3 Bc8 23. e5 Nd7 24. e6 Bxd4+ 25. Qxd4 Qf6 26. Qxf6 Nxf6 27. g5 Nh5 28. Nxh5
gxh5 29. Ne4 Re7 30. Nf6+ Kh8 31. Nxh5 Bb7 32. f5 Ne5 33. Rxe5 dxe5 34. d6 Bxg2
35. dxe7 Bd5 36. Nf6 fxe6 37. e8=Q+ Rxe8 38. Nxe8 exf5 39. Re1 1-0

[Event "CAN-op U2400"]
[Site "Montreal CAN"]
[Date "2014.07.23"]
[Round "6"]
[White "Doknjas, Joshua"]
[Black "Doubleday, William"]
[Result "1-0"]
[WhiteElo "1849"]
[BlackElo "2059"]
[PlyCount "95"]
[EventDate "2014.07.19"]
[EventType "swiss"]
[EventRounds "9"]
[EventCountry "CAN"]

1. e4 c5 2. Nf3 Nc6 3. Bb5 d6 4. O-O Bg4 5. h3 Bh5 6. c3 a6 7. Bxc6+ bxc6 8. d4
cxd4 9. cxd4 e6 10. Be3 Qd7 11. Nbd2 Nf6 12. Rc1 Bg6 13. Nc4 Bxe4 14. Nb6 Qb7
15. Nxa8 Qxa8 16. Nd2 Bd5 17. Nc4 Qb7 18. Bf4 Kd7 19. b3 Be7 20. f3 h6 21. Ne3
g5 22. Bg3 h5 23. Nxd5 Nxd5 24. Qe2 Bf6 25. Qd2 Rb8 26. Rc4 h4 27. Bf2 Qb5 28.
Rfc1 Rc8 29. Be3 Nxe3 30. Qxe3 Be7 31. Qd2 a5 32. Ra4 Bd8 33. Rac4 Qf5 34. b4
a4 35. a3 Bb6 36. Kh1 Qd5 37. Qd3 Ke7 38. Qe4 Kd7 39. Qc2 Bxd4 40. Rd1 e5 41.
Qf5+ Qe6 42. Qd3 Qd5 43. Rcc1 Qe6 44. Qc2 Be3 45. Rb1 Ra8 46. b5 cxb5 47. Qe4
Rb8 48. Qxe3 1-0

[Event "CAN-op U2400"]
[Site "Montreal CAN"]
[Date "2014.07.23"]
[Round "6"]
[White "Dorrance, Adam"]
[Black "Voskanyan, Vahagn"]
[Result "1/2-1/2"]
[WhiteElo "2018"]
[BlackElo "2225"]
[PlyCount "134"]
[EventDate "2014.07.19"]
[EventType "swiss"]
[EventRounds "9"]
[EventCountry "CAN"]

1. d4 d5 2. Nf3 c5 3. c3 e6 4. Bf4 Qb6 5. Qb3 Nc6 6. e3 Nf6 7. Na3 Qxb3 8. axb3
Bd7 9. Nb5 Rc8 10. Nd6+ Bxd6 11. Bxd6 cxd4 12. exd4 Ne4 13. Bf4 O-O 14. Bd3 f5
15. Ne5 Nxe5 16. Bxe5 a6 17. f3 Ng5 18. Kf2 Nf7 19. Rhe1 Nd8 20. b4 Re8 21. Ra3
Nc6 22. h4 Na7 23. Raa1 Bb5 24. Ke3 Bxd3 25. Kxd3 Nc6 26. Re2 Kf7 27. Bd6 Rcd8
28. Be5 Ne7 29. Ra5 Rd7 30. Re1 Ng6 31. h5 Ne7 32. Re2 Ng8 33. g3 Nf6 34. Rh2
h6 35. b3 Rc8 36. c4 dxc4+ 37. bxc4 b5 38. Rc2 bxc4+ 39. Rxc4 Ra8 40. Rc6 Nd5
41. Kc4 Rb7 42. Raxa6 Rxa6 43. Rxa6 Nxb4 44. Ra3 Nd5 45. Kc5 Nf6 46. Bxf6 Kxf6
47. Ra6 Rc7+ 48. Rc6 Ra7 49. Kc4 Ra5 50. Kd3 Ra3+ 51. Ke2 Ra2+ 52. Ke3 Ra5 53.
Rb6 Rd5 54. Ra6 f4+ 55. Kxf4 Rxh5 56. g4 Rb5 57. Ra7 Rb1 58. Ra8 Re1 59. Ra6
g5+ 60. Kg3 Rd1 61. Ra4 Rh1 62. Kg2 Rd1 63. Kg3 Rd2 64. Rb4 Ke7 65. Rb7+ Kf6
66. Rb4 Ke7 67. Rb7+ Kf6 1/2-1/2

[Event "CAN-op U2400"]
[Site "Montreal CAN"]
[Date "2014.07.23"]
[Round "6"]
[White "Fillion, Steve"]
[Black "Drolet, Stephane"]
[Result "1/2-1/2"]
[WhiteElo "2140"]
[BlackElo "2066"]
[PlyCount "29"]
[EventDate "2014.07.19"]
[EventType "swiss"]
[EventRounds "9"]
[EventCountry "CAN"]

1. e4 e5 2. Nf3 Nf6 3. Nxe5 Nxe4 4. Qe2 Qe7 5. Qxe4 d6 6. d4 dxe5 7. Qxe5 Qxe5+
8. dxe5 Bf5 9. c3 Nd7 10. Bf4 O-O-O 11. Nd2 Nxe5 12. Bxe5 Re8 13. f4 f6 14. Nf3
fxe5 15. fxe5 1/2-1/2

[Event "CAN-op U2400"]
[Site "Montreal CAN"]
[Date "2014.07.23"]
[Round "6"]
[White "Forget, Luc"]
[Black "Nikulich, Oleksandr"]
[Result "1/2-1/2"]
[WhiteElo "1998"]
[BlackElo "2008"]
[PlyCount "74"]
[EventDate "2014.07.19"]
[EventType "swiss"]
[EventRounds "9"]
[EventCountry "CAN"]

1. d4 f5 2. g3 Nf6 3. Bg2 g6 4. Nh3 Bg7 5. O-O O-O 6. c4 d6 7. Nc3 e5 8. dxe5
dxe5 9. Qxd8 Rxd8 10. Bg5 c6 11. Rad1 Re8 12. Rd6 Be6 13. Nd5 cxd5 14. Bxf6
Bxf6 15. Rxe6 Rxe6 16. Bxd5 Kf7 17. Bxb7 Rb6 18. Bxa8 Rxb2 19. Rc1 Ke7 20. c5
Kd7 21. Bd5 Rxe2 22. Rb1 Kc8 23. c6 Rc2 24. Be6+ Kc7 25. Rb7+ Kd6 26. Bd7 Nxd7
27. Rxd7+ Kxc6 28. Rxa7 Kd6 29. Kf1 h6 30. Ng1 Ke6 31. h4 f4 32. Ra6+ Kf7 33.
Ra7+ Be7 34. gxf4 exf4 35. Nf3 Ke8 36. Ra8+ Kf7 37. Ra7 Ke8 1/2-1/2

[Event "CAN-op U2400"]
[Site "Montreal CAN"]
[Date "2014.07.23"]
[Round "6"]
[White "Gauthier, Denis"]
[Black "Docheshmeh, Amir Mohammad"]
[Result "1-0"]
[WhiteElo "1909"]
[BlackElo "1688"]
[PlyCount "83"]
[EventDate "2014.07.19"]
[EventType "swiss"]
[EventRounds "9"]
[EventCountry "CAN"]

1. d4 Nf6 2. c4 g6 3. Nc3 d5 4. Bf4 Bg7 5. e3 Bf5 6. Qb3 b6 7. cxd5 Ne4 8. Nf3
O-O 9. Be2 h6 10. h3 g5 11. Be5 Nd7 12. Bxg7 Kxg7 13. O-O Ndf6 14. Rad1 Nxc3
15. bxc3 Qxd5 16. c4 Qd6 17. Ne5 Be4 18. f3 Bh7 19. Qc3 Nd7 20. f4 Be4 21. fxg5
hxg5 22. Bf3 Bxf3 23. Rxf3 f6 24. Nxd7 Qxd7 25. e4 Qc6 26. Re1 Rad8 27. Rg3 Qd6
28. d5 Kh7 29. Qd3 Qe5 30. Qf3 Rh8 31. Rg4 Qd4+ 32. Kh1 Kg7 33. e5 Qd2 34.
exf6+ exf6 35. Re7+ Kg6 36. Qe4+ Kh6 37. Qf5 Rd6 38. Rxc7 Qxa2 39. Re4 Qa1+ 40.
Kh2 Qc1 41. Rxa7 Qd2 42. Rf7 1-0

[Event "CAN-op U2400"]
[Site "Montreal CAN"]
[Date "2014.07.23"]
[Round "6"]
[White "Gelet, Seymour"]
[Black "Bouchard, Jean-Marc"]
[Result "1/2-1/2"]
[WhiteElo "2083"]
[BlackElo "1925"]
[PlyCount "47"]
[EventDate "2014.07.19"]
[EventType "swiss"]
[EventRounds "9"]
[EventCountry "CAN"]

1. d4 e6 2. c4 d5 3. Nc3 f5 4. Nf3 Nf6 5. Bf4 c6 6. e3 Be7 7. Bd3 Ne4 8. Ne5
O-O 9. h3 Nxc3 10. bxc3 Nd7 11. Qb3 Nxe5 12. Bxe5 Bd6 13. Bxd6 Qxd6 14. Qb4 Rd8
15. Qxd6 Rxd6 16. c5 Rd7 17. Rb1 Re7 18. f4 Rb8 19. Ba6 b5 20. Bxc8 Rxc8 21.
Kd2 Rb7 22. Rb3 Rd8 23. Rhb1 a6 24. a3 1/2-1/2

[Event "CAN-op U2400"]
[Site "Montreal CAN"]
[Date "2014.07.23"]
[Round "6"]
[White "Gilbert, Erick"]
[Black "Thau, Peter"]
[Result "1/2-1/2"]
[WhiteElo "1946"]
[BlackElo "1813"]
[PlyCount "112"]
[EventDate "2014.07.19"]
[EventType "swiss"]
[EventRounds "9"]
[EventCountry "CAN"]

1. Nf3 Nf6 2. g3 g6 3. Bg2 Bg7 4. O-O O-O 5. c4 d6 6. d4 c6 7. Nc3 Na6 8. e4
Qa5 9. Bd2 Qh5 10. Ng5 Qxd1 11. Raxd1 Bd7 12. e5 Ne8 13. Rfe1 dxe5 14. dxe5
Nec7 15. Bf4 Bf5 16. Bh3 Bxh3 17. Nxh3 Rad8 18. Ng5 h6 19. Nf3 Ne6 20. Be3 b6
21. Ne4 Nb4 22. Nc3 Nc2 23. Re2 Nxe3 24. Rxd8 Rxd8 25. Rxe3 Nd4 26. Ne1 Nf5 27.
Rd3 Rxd3 28. Nxd3 Nd4 29. f4 Kf8 30. Kf2 Ke8 31. Ke3 Ne6 32. Ne4 f6 33. exf6
exf6 34. f5 gxf5 35. Nd6+ Kd7 36. Nxf5 Bf8 37. b4 h5 38. h4 a5 39. a3 axb4 40.
axb4 Kc7 41. Kf3 Kd7 42. Ke4 Nc7 43. Kf3 Ne6 44. g4 hxg4+ 45. Kxg4 Ke8 46. h5
Kf7 47. Kg3 Kg8 48. Kg4 Kf7 49. Kh4 Ng5 50. Nd4 Bxb4 51. Nxb4 c5 52. Nbc2 cxd4
53. Nxd4 Ne4 54. Nb5 Kg7 55. Kg4 Kh6 56. Kf5 Nd2 1/2-1/2

[Event "CAN-op U2400"]
[Site "Montreal CAN"]
[Date "2014.07.23"]
[Round "6"]
[White "Khassanov, Marat"]
[Black "Song, Sam"]
[Result "1-0"]
[WhiteElo "2256"]
[BlackElo "2030"]
[PlyCount "67"]
[EventDate "2014.07.19"]
[EventType "swiss"]
[EventRounds "9"]
[EventCountry "CAN"]

1. e4 c5 2. Nc3 e6 3. g3 b6 4. Bg2 Bb7 5. Nge2 d6 6. O-O Nf6 7. d4 cxd4 8. Nxd4
a6 9. b3 Nbd7 10. Bb2 Qc7 11. Re1 Be7 12. a4 O-O 13. h3 Rfe8 14. Kh2 Rac8 15.
Qe2 Bf8 16. Rad1 Nc5 17. f3 Ncd7 18. Qf2 d5 19. exd5 Nxd5 20. Nxd5 Bxd5 21. c4
Ba8 22. f4 Bb4 23. Re3 Bc5 24. Bxa8 Rxa8 25. Qc2 e5 26. Rde1 f6 27. Qg2 Kf8 28.
fxe5 Nxe5 29. Rxe5 fxe5 30. Ne6+ Rxe6 31. Qxa8+ Ke7 32. Qg8 Kd6 33. Rd1+ Bd4
34. Ba3+ 1-0

[Event "CAN-op U2400"]
[Site "Montreal CAN"]
[Date "2014.07.23"]
[Round "6"]
[White "Larochelle, Martial"]
[Black "Jacquet, Stephane"]
[Result "1-0"]
[WhiteElo "2133"]
[BlackElo "1992"]
[PlyCount "79"]
[EventDate "2014.07.19"]
[EventType "swiss"]
[EventRounds "9"]
[EventCountry "CAN"]

1. d4 d5 2. c4 dxc4 3. Nf3 Nf6 4. e3 e6 5. Bxc4 c5 6. O-O a6 7. dxc5 Qxd1 8.
Rxd1 Bxc5 9. Nbd2 b5 10. Be2 Bb7 11. Nb3 Be7 12. Bd2 Nc6 13. a4 b4 14. Rac1 O-O
15. Be1 Nd5 16. Nc5 Bxc5 17. Rxc5 Rfc8 18. e4 Nf6 19. Bd3 a5 20. Rdc1 Ne7 21.
Nd2 Rc6 22. Nb3 Rac8 23. Rxc6 Rxc6 24. Rxc6 Bxc6 25. Nxa5 Bxa4 26. Bxb4 Nc6 27.
Nxc6 Bxc6 28. f3 Nd7 29. Bd6 f6 30. Kf2 Kf7 31. Ke3 Ne5 32. Bxe5 fxe5 33. b4 g5
34. b5 Bb7 35. Kd2 Ke7 36. Kc3 Kd6 37. Kb4 h5 38. Ka5 Kc5 39. b6 h4 40. Ba6 1-0

[Event "CAN-op U2400"]
[Site "Montreal CAN"]
[Date "2014.07.23"]
[Round "6"]
[White "Lebeau, Gilbert"]
[Black "Dube, Daniel"]
[Result "1-0"]
[WhiteElo "1998"]
[BlackElo "1839"]
[PlyCount "71"]
[EventDate "2014.07.19"]
[EventType "swiss"]
[EventRounds "9"]
[EventCountry "CAN"]

1. d4 d5 2. c4 c6 3. Nc3 Nf6 4. Nf3 dxc4 5. a4 Bf5 6. e3 e6 7. Bxc4 Bb4 8. O-O
Nbd7 9. Qe2 Bg4 10. Rd1 Qa5 11. e4 Bxc3 12. bxc3 Qxc3 13. Bb2 Bxf3 14. gxf3 Qa5
15. d5 e5 16. dxc6 bxc6 17. Ba3 c5 18. Bb5 a6 19. Bc6 Rc8 20. Bb7 Rc7 21. Qxa6
Qxa6 22. Bxa6 O-O 23. Rd6 Rb8 24. Bb5 Nf8 25. Bb2 Re7 26. Rad1 Rc8 27. Bc3 Ne8
28. R6d5 Ng6 29. Rd8 Rxd8 30. Rxd8 Kf8 31. a5 Nf4 32. a6 f6 33. Rxe8+ Rxe8 34.
Bxe8 Ne6 35. Bc6 Nc7 36. a7 1-0

[Event "CAN-op U2400"]
[Site "Montreal CAN"]
[Date "2014.07.23"]
[Round "6"]
[White "Lepine, Cedric"]
[Black "Tonakanian, Stephan"]
[Result "1/2-1/2"]
[WhiteElo "2113"]
[BlackElo "1922"]
[PlyCount "55"]
[EventDate "2014.07.19"]
[EventType "swiss"]
[EventRounds "9"]
[EventCountry "CAN"]

1. d4 Nf6 2. c4 e5 3. d5 Bb4+ 4. Bd2 Bxd2+ 5. Qxd2 d6 6. Nc3 a5 7. e4 Na6 8. f3
O-O 9. O-O-O Nc5 10. Nge2 a4 11. g4 Nfd7 12. Ng3 Nb6 13. h4 Bd7 14. Be2 Ra7 15.
g5 Qe8 16. h5 f5 17. exf5 Bxf5 18. Nb5 Qb8 19. Nxa7 Qxa7 20. Nxf5 Rxf5 21. Rh4
Nc8 22. f4 e4 23. h6 Ne7 24. Qd4 Rf7 25. Bh5 Nf5 26. Bxf7+ Kxf7 27. g6+ hxg6
28. Qc3 1/2-1/2

[Event "CAN-op U2400"]
[Site "Montreal CAN"]
[Date "2014.07.23"]
[Round "6"]
[White "Li, Kevin"]
[Black "Enkh-Amar, Galbadrakh"]
[Result "1-0"]
[WhiteElo "2152"]
[BlackElo "2140"]
[PlyCount "71"]
[EventDate "2014.07.19"]
[EventType "swiss"]
[EventRounds "9"]
[EventCountry "CAN"]

1. e4 c5 2. f4 Nc6 3. Nf3 e6 4. Bb5 Qc7 5. O-O a6 6. Be2 Nge7 7. d3 Nd4 8. c3
Nxe2+ 9. Qxe2 d6 10. Be3 Nc6 11. Nbd2 Be7 12. Qf2 b5 13. e5 O-O 14. Ne4 dxe5
15. fxe5 Nxe5 16. Nxe5 Qxe5 17. Bxc5 Bxc5 18. Qxc5 Qxc5+ 19. Nxc5 Ra7 20. a4
Rc7 21. b4 bxa4 22. Rxa4 e5 23. c4 Rd8 24. Rfa1 g6 25. R1a3 Rd4 26. Kf2 Rc6 27.
Nxa6 Rf6+ 28. Ke3 Bb7 29. Ra2 Rg4 30. Nc5 Bxg2 31. Rf2 Rd6 32. Raa2 Bh1 33. Ra1
Bg2 34. Rg1 Bh3 35. Rxg4 Bxg4 36. Ne4 1-0

[Event "CAN-op U2400"]
[Site "Montreal CAN"]
[Date "2014.07.23"]
[Round "6"]
[White "Luo, Zhao Yang"]
[Black "Upper, John"]
[Result "1-0"]
[WhiteElo "1959"]
[BlackElo "2042"]
[PlyCount "65"]
[EventDate "2014.07.19"]
[EventType "swiss"]
[EventRounds "9"]
[EventCountry "CAN"]

1. d4 Nf6 2. Nf3 d5 3. e3 Bg4 4. c4 e6 5. Qb3 Qc8 6. Nc3 c6 7. Be2 Nbd7 8. O-O
Bd6 9. cxd5 exd5 10. h3 Bh5 11. Nh4 Bxe2 12. Nxe2 Nb6 13. Bd2 O-O 14. Bb4 Nc4
15. Bxd6 Nxd6 16. Qb4 Rd8 17. Ng3 Qe6 18. Rfc1 Rd7 19. Nf3 Re7 20. a4 Rae8 21.
Qe1 a6 22. b4 Nd7 23. Rab1 Qh6 24. b5 axb5 25. axb5 cxb5 26. Qa5 Qg6 27. Ne2
Nf6 28. Ne5 Qh6 29. Nc3 Nf5 30. Qxb5 Nxe3 31. fxe3 Qxe3+ 32. Kh1 Nh5 33. Nxd5
1-0